<?xml version="1.0" encoding="UTF-8"?><?xml-stylesheet type="text/xsl" href="static/style.xsl"?><OAI-PMH xmlns="http://www.openarchives.org/OAI/2.0/" xmlns:xsi="http://www.w3.org/2001/XMLSchema-instance" xsi:schemaLocation="http://www.openarchives.org/OAI/2.0/ http://www.openarchives.org/OAI/2.0/OAI-PMH.xsd"><responseDate>2026-04-18T07:33:37Z</responseDate><request verb="GetRecord" identifier="oai:www.recercat.cat:20.500.12328/5215" metadataPrefix="marc">https://recercat.cat/oai/request</request><GetRecord><record><header><identifier>oai:recercat.cat:20.500.12328/5215</identifier><datestamp>2026-03-26T19:51:53Z</datestamp><setSpec>com_2072_67741</setSpec><setSpec>col_2072_484352</setSpec></header><metadata><record xmlns="http://www.loc.gov/MARC21/slim" xmlns:dcterms="http://purl.org/dc/terms/" xmlns:xsi="http://www.w3.org/2001/XMLSchema-instance" xmlns:doc="http://www.lyncode.com/xoai" xsi:schemaLocation="http://www.loc.gov/MARC21/slim http://www.loc.gov/standards/marcxml/schema/MARC21slim.xsd">
   <leader>00925njm 22002777a 4500</leader>
   <datafield ind2=" " ind1=" " tag="042">
      <subfield code="a">dc</subfield>
   </datafield>
   <datafield ind2=" " ind1=" " tag="720">
      <subfield code="a">Malo Urriés, Miguel</subfield>
      <subfield code="e">author</subfield>
   </datafield>
   <datafield ind2=" " ind1=" " tag="720">
      <subfield code="a">Rodríguez-Sanz, Jacobo</subfield>
      <subfield code="e">author</subfield>
   </datafield>
   <datafield ind2=" " ind1=" " tag="720">
      <subfield code="a">Borrella Andrés, Sergio</subfield>
      <subfield code="e">author</subfield>
   </datafield>
   <datafield ind2=" " ind1=" " tag="720">
      <subfield code="a">Albarova-Corral, Isabel</subfield>
      <subfield code="e">author</subfield>
   </datafield>
   <datafield ind2=" " ind1=" " tag="720">
      <subfield code="a">Garcia Ribell, Erik</subfield>
      <subfield code="e">author</subfield>
   </datafield>
   <datafield ind2=" " ind1=" " tag="720">
      <subfield code="a">Gaitán-Villena, José Antonio</subfield>
      <subfield code="e">author</subfield>
   </datafield>
   <datafield ind2=" " ind1=" " tag="720">
      <subfield code="a">López-de-Celis, Carlos</subfield>
      <subfield code="e">author</subfield>
   </datafield>
   <datafield ind2=" " ind1=" " tag="260">
      <subfield code="c">2026-02-18</subfield>
   </datafield>
   <datafield ind2=" " ind1=" " tag="520">
      <subfield code="a">Objective: This study aimed to quantitatively analyze the influence of time, intensity, and total dose parameters on the electrolytic effect induced by percutaneous electrolysis on cadaveric patellar tendons and to determine the relationship between these parameters and the ultrasound-based quantitative response using the UZ_eDose tool. Methods: An in vitro experimental study was conducted on cadaveric patellar tendons. A total of 45 unique combinations of percutaneous electrolysis were applied, corresponding to 15 different application times (0 to 1200 s) and three intensities of galvanic current (0.1 mA, 1 mA, and 3 mA). The electrolytic effect was quantified immediately after each application using UZ_eDose. Additionally, ultrasound visibility was recorded as a binary variable (visible or non-visible). Descriptive graphical analysis, Spearman and point-biserial correlation tests, and multiple linear regression models were conducted to explore relationships between parameters and outcomes. Results: The intensity of current showed the strongest positive correlation with the UZ_eDose values (ρ = 0.606, p &lt; 0.001), particularly when considering only cases with maintained ultrasound visibility. The total dose was also positively correlated with UZ_eDose (ρ = 0.486, p = 0.001), whereas time alone showed no significant correlation. Loss of ultrasound visibility was significantly associated with longer application times, higher intensities, and greater total doses (p &lt; 0.001). Multiple linear regression models confirmed the predominant role of intensity in predicting the electrolytic effect, explaining up to 62.7% of the variance when excluding non-visible cases. Conclusions: The electrolytic effect, as quantified by UZ_eDose, is primarily influenced by the intensity of the current and the cumulative dose applied. However, excessive intensities and durations can lead to gas saturation, compromising ultrasound visibility. These findings suggest that both intensity and time should be carefully balanced to maximize the therapeutic effect while preserving imaging control, supporting the use of ultrasound-based quantification tools for optimized, individualized dosimetry.</subfield>
   </datafield>
   <datafield ind1="8" ind2=" " tag="024">
      <subfield code="a">Malo-Urriés, Miguel; Rodríguez-Sanz, Jacobo; Borrella-Andrés, Sergio [et al.]. Influence of Time, Intensity, and Total Dose Parameters on the Ultrasound Effects of Percutaneous Electrolysis: An In Vitro Experimental Study. Healthcare, 2026, 14(4), 516. Disponible en &lt;https://www.mdpi.com/2227-9032/14/4/516>. Fecha de acceso: 23 feb. 2026. DOI: 10.3390/healthcare14040516</subfield>
   </datafield>
   <datafield ind1="8" ind2=" " tag="024">
      <subfield code="a">2227-9032</subfield>
   </datafield>
   <datafield ind1="8" ind2=" " tag="024">
      <subfield code="a">http://hdl.handle.net/20.500.12328/5215</subfield>
   </datafield>
   <datafield ind1="8" ind2=" " tag="024">
      <subfield code="a">https://dx.doi.org/10.3390/healthcare14040516</subfield>
   </datafield>
   <datafield tag="653" ind2=" " ind1=" ">
      <subfield code="a">Percutaneous electrolysis</subfield>
   </datafield>
   <datafield tag="653" ind2=" " ind1=" ">
      <subfield code="a">Dosing</subfield>
   </datafield>
   <datafield tag="653" ind2=" " ind1=" ">
      <subfield code="a">Quantitative ultrasound</subfield>
   </datafield>
   <datafield tag="653" ind2=" " ind1=" ">
      <subfield code="a">Galvanic current</subfield>
   </datafield>
   <datafield tag="653" ind2=" " ind1=" ">
      <subfield code="a">Tendinopathy</subfield>
   </datafield>
   <datafield tag="653" ind2=" " ind1=" ">
      <subfield code="a">Electrólisis percutánea</subfield>
   </datafield>
   <datafield tag="653" ind2=" " ind1=" ">
      <subfield code="a">Dosificación</subfield>
   </datafield>
   <datafield tag="653" ind2=" " ind1=" ">
      <subfield code="a">Ecografía cuantitativa</subfield>
   </datafield>
   <datafield tag="653" ind2=" " ind1=" ">
      <subfield code="a">Corriente galvánica</subfield>
   </datafield>
   <datafield tag="653" ind2=" " ind1=" ">
      <subfield code="a">Tendinopatía</subfield>
   </datafield>
   <datafield tag="653" ind2=" " ind1=" ">
      <subfield code="a">Electrolisi percutània</subfield>
   </datafield>
   <datafield tag="653" ind2=" " ind1=" ">
      <subfield code="a">Dosificació</subfield>
   </datafield>
   <datafield tag="653" ind2=" " ind1=" ">
      <subfield code="a">Ecografia quantitativa</subfield>
   </datafield>
   <datafield tag="653" ind2=" " ind1=" ">
      <subfield code="a">Corrent galvànic</subfield>
   </datafield>
   <datafield tag="653" ind2=" " ind1=" ">
      <subfield code="a">Tendinopatia</subfield>
   </datafield>
   <datafield ind2="0" ind1="0" tag="245">
      <subfield code="a">Influence of Time, Intensity, and Total Dose Parameters on the Ultrasound Effects of Percutaneous Electrolysis: An In Vitro Experimental Study</subfield>
   </datafield>
</record></metadata></record></GetRecord></OAI-PMH>